Effect of E. longifolia jack on carbon tetrachloride-induced liver damage in rats /
Saved in:
| Main Author: | |
|---|---|
| Format: | Thesis |
| Language: | English |
| Published: |
Kuantan, Pahang :
Kulliyyah of Medicine, International Islamic University Malaysia,
2006
|
| Subjects: | |
| Online Access: | Click here to view 1st 24 pages of the thesis. Members can view fulltext at the specified PCs in the library. |
| Tags: |
Add Tag
No Tags, Be the first to tag this record!
|
| LEADER | 021870000a22003850004500 | ||
|---|---|---|---|
| 001 | 364546 | ||
| 005 | 20230419113916.0 | ||
| 008 | 060925t2006 my a f 000 0 eng d | ||
| 035 | |a (Sirsi) 364546 | ||
| 040 | |a UIAM |b eng | ||
| 050 | 0 | 0 | |a RM666.H33 |
| 100 | 1 | |a Faqeh, Hamoud Hussein |9 88849 | |
| 245 | 1 | 0 | |a Effect of E. longifolia jack on carbon tetrachloride-induced liver damage in rats / |c by Hamoud Hussein Al-Faqeh |
| 260 | |a Kuantan, Pahang : |b Kulliyyah of Medicine, International Islamic University Malaysia, |c 2006 | ||
| 300 | |a iv, 47 leaves : |b ill. ; |c 30 cm. | ||
| 336 | |2 rdacontent | ||
| 337 | |2 rdamedia | ||
| 338 | |2 rdacarrier | ||
| 500 | |a Abstract in English and Arabic. | ||
| 500 | |a 'A dissertation submitted in partial fulfilment of the requirement for the degree of Master of Medical Sciences of Anatomy'--On t.p. | ||
| 502 | |a Thesis (MMDSC) -- International Islamic University Malaysia, 2006 | ||
| 504 | |a Includes bibliographical references (leaves 33 - 40). | ||
| 650 | 0 | |a Herbs |x Therapeutic use |9 88850 | |
| 650 | 0 | |a Medicinal plants | |
| 650 | 0 | |a Carbon tetrachloride |x Toxicology | |
| 690 | 0 | |a Dissertation, Academic |x Kulliyyah of Medicine |z IIUM |9 88851 | |
| 710 | 2 | |a International Islamic University Malaysia. |b Kulliyyah of Medicine | |
| 730 | 2 | |a Effect of E. longifolia jack on carbon tetrachloride-induced liver damage in rats (Computer file) |9 88852 | |
| 856 | 4 | 0 | |u https://lib.iium.edu.my/mom/services/mom/document/getFile/ysoHkOe7HifiC0F5wTnOnQklWlIvtXeE20070329113349828 |z Click here to view 1st 24 pages of the thesis. Members can view fulltext at the specified PCs in the library. |
| 900 | |a hj-ajt | ||
| 942 | |2 lcc |n 0 | ||
| 999 | |c 433776 |d 465484 | ||
| 952 | |0 0 |6 T RM 666 H33 F218E 2006 |7 0 |8 THESES |9 751517 |a KIMC |b KIMC |c CLOSEACCES |g 0.00 |o t RM 666 H33 F218E 2006 |p 00001064522 |r 2019-09-04 |t 2 |v 0.00 |y THESIS | ||
| 952 | |0 0 |6 T RM 666 H33 F218E 2006 |7 0 |8 THESES |9 755639 |a KIMC |b KIMC |c CLOSEACCES |g 0.00 |o t RM 666 H33 F218E 2006 |p 00011274369 |r 2019-09-04 |t 3 |v 0.00 |y THESIS | ||
| 952 | |0 0 |6 TS CDF RM 666 H33 F218E 2006 |7 0 |8 THESES |9 825455 |a KIMC |b KIMC |c MULTIMEDIA |g 0.00 |o ts cdf RM 666 H33 F218E 2006 |p 00010985400 |r 2017-10-05 |t 1 |v 0.00 |y THESISDIG | ||
